Qui a chanté cette chanson? #1 - Statistiques

Statistiques générales
  • Ce quiz a été pris 254 fois
  • Le résultat moyen est 5 sur 10
Statistiques - réponses
Titre Chanteur % Correct
Mistral gagnant Renaud
92%
Bohemian Rapsody Queen
84%
Ne me quitte pas Jacques Brel
74%
Hymne à l'Amour Édith Piaf
73%
Believer Imagine dragons
58%
Bad Habits Ed Sheeran
53%
Easy on me Adele
50%
Stitches Shawn Mendes
31%
Tu t'en iras La Zarra
21%
Toko Toko Dadju
13%
Aucun quiz correspondant
Distribution des résultats
% des personnes avec chaque résultat
Percentile par nombre de réponses
Votre historique - résultats
Vous n’avez pas pris ce quiz